| Tag |
First Indicator |
Second Indicator |
Subfields |
| LEADER |
00000cam a2200000 a 4500 |
| 001 |
in00002137828 |
| 006 |
m e d # |
| 007 |
cr mn mmmmabba |
| 008 |
840802q17291730paua s 000 0 eng d |
| 005 |
20260331160937.9 |
| 035 |
|
|
|z w022617
|
| 035 |
|
|
|a MAAR8408023902B
|
| 035 |
|
|
|9 mwa91-15275
|
| 035 |
|
|
|a 320781
|
| 035 |
|
|
|a aas03022617
|
| 040 |
|
|
|a MWA
|c MWA
|e bdrb
|d UtOrBLW
|
| 100 |
1 |
|
|a Leeds, Titan,
|d 1699-1738.
|
| 245 |
1 |
4 |
|a The genuine Leeds almanack for the year of Christian account, 1730 :
|b ... Fitted to the latitude of 40 degrees, and a meridian of five hours west from London, but may without sensible error, serve all the adjacent places, even from Newfoundland to Carolina. /
|c By Titan Leeds, philomat.
|
| 264 |
|
3 |
|a [Philadelphia] :
|b Printed by D. Harry, in Second-Street, Philadelphia,
|c 1730 [i.e. 1729?]
|
| 300 |
|
|
|a 28 unnumbered pages :
|b illustrations ;
|c 16 cm. (octavo)
|
| 336 |
|
|
|a text
|b txt
|2 rdacontent
|
| 337 |
|
|
|a computer
|b c
|2 rdamedia
|
| 338 |
|
|
|a online resource
|b cr
|2 rdacarrier
|
| 500 |
|
|
|a First four words of title appear on a scroll forming the base of the coat of arms at head of title page.
|
| 500 |
|
|
|a The Anatomy is the only illustration.
|
| 500 |
|
|
|a "The most proper time of gathering herbs this year."--page [20].
|
| 510 |
4 |
|
|a Evans
|c 3177
|
| 510 |
4 |
|
|a Drake, M. Almanacs,
|c 9539
|
| 530 |
|
|
|a Microform version available in the Readex Early American Imprints series.
|
| 533 |
|
|
|a Electronic text and image data.
|b [Chester, Vt. :
|c Readex, a division of Newsbank, Inc.,
|d 2002-2004.
|e Includes files in TIFF, GIF and PDF formats with inclusion of keyword searchable text.
|f (Early American imprints. First series ; no. 3177).
|
| 500 |
|
|
|a Electronic resource.
|
| 650 |
|
0 |
|a Herbs.
|
| 655 |
|
7 |
|a Almanacs
|z Pennsylvania
|y 1730.
|2 rbgenr
|
| 752 |
|
|
|a United States
|b Pennsylvania
|d Philadelphia.
|
| 830 |
|
0 |
|a Early American imprints.
|n Series I,
|p Evans (1639-1800) ;
|v no. 3177.
|
| 856 |
4 |
1 |
|u http://proxy.library.tamu.edu/login?url=https://opac.newsbank.com/select/evans/3177
|y Evans Digital Edition
|t 0
|
| 999 |
|
|
|a MARS
|
| 999 |
f |
f |
|s b55de212-da4c-3b93-8204-45cdfd907049
|i ed2cc698-cfa2-30c7-9cff-cd45595c0a66
|t 0
|
| 952 |
f |
f |
|a Texas A&M University
|b College Station
|c Electronic Resources
|s www_evans
|d Available Online
|t 0
|h No information provided
|
| 998 |
f |
f |
|t 0
|l Available Online
|